Statistiken für Countries that existed through Hitler's Life

Klicken Sie hier um das Quiz zu spielen!

Allgemein

  • Dieses Quiz wurde 2 mal gespielt
  • Das Durchschnittsergebnis liegt bei 113 aus 123

Antwortstatistiken

JahrCountry% Korrekt
1889-Afghanistan
100%
1912-1939Albania
100%
1889-Andorra
100%
1889-Argentina
100%
1918-1920Armenia
100%
1889-1895Ashanti
100%
1916-1923Asir
100%
1900-Australia
100%
1918-1938Austria
100%
1889-1918Austria-Hungary
100%
1889-1936Auusa
100%
1918-1920Azerbaijan
100%
1889-Belgium
100%
1889-1897Benin
100%
1889-Bhutan
100%
1889-Bolivia
100%
1889-1893Bornu
100%
1889-Brazil
100%
1889-1890Buganda
100%
1889-Bulgaria
100%
1889-1897Burundi
100%
1889-Canada
100%
1889-Chile
100%
1889-China
100%
1889-Colombia
100%
1889-1908Congo
100%
1889-Costa Rica
100%
1889-Cuba
100%
1918-Czechoslovakia
100%
1889-1894Dahomey
100%
1919-1939Danzig
100%
1889-1916Darfur
100%
1889-1895Dendi
100%
1889-Denmark
100%
1889-Dominican Republic
100%
1889-Ecuador
100%
1922-Egypt
100%
1889-El Salvador
100%
1918-1940Estonia
100%
1889-1937Ethiopia
100%
1917-Finland
100%
1889-France
100%
1918-1921Georgia
100%
1889-1945Germany
100%
1889-Greece
100%
1889-Guatemala
100%
1889-1921Hail
100%
1889-Haiti
100%
1916-1924Hejaz
100%
1889-Honduras
100%
1918-Hungary
100%
1932-Iraq
100%
1922-Ireland
100%
1889-Italy
100%
1889-Japan
100%
1889-1892Kazembe
100%
1889-1910Korea
100%
1918-1940Latvia
100%
1889-Liberia
100%
1889-Liechtenstein
100%
1918-1940Lithuania
100%
1889-1891Lunda
100%
1889-Luxembourg
100%
1889-1895Merina
100%
1889-Mexico
100%
1889-Monaco
100%
1921-Mongolia
100%
1889-1918
1941-1944
Montenegro
100%
1889-Nepal
100%
1889-Netherlands
100%
1907-New Zealand
100%
1889-Nicaragua
100%
1905-Norway
100%
1889-1891Oman
100%
1889-1902Orange Free State
100%
1889-1922Ottoman Empire
100%
1904-Panama
100%
1889-Paraguay
100%
1889-Persia
100%
1889-Peru
100%
1889-Portugal
100%
1889-1901Quaddai
100%
1889-Romania
100%
1889-1922Russia
100%
1889-1897Rwanda
100%
1919-1935Saar
100%
1889-San Marino
100%
1889-1891
1902-
Saudi
100%
1889-1918
1941-1945
Serbia
100%
1889-Siam
100%
1889-1898Sokoto
100%
1910-South Africa
100%
1889-Spain
100%
1889-1894Swaziland
100%
1905-Sweden
100%
1889-Switzerland
100%
1921-Tibet
100%
1889-1902Transvaal
100%
1922-Turkey
100%
1889-UK
100%
1918-1920Ukraine
100%
1889-Uruguay
100%
1889-USA
100%
1929-Vatican
100%
1889-Venezuela
100%
1889-1892Yeke
100%
1919-Yemen
100%
1918-1941
1945-
Yugoslavia
100%
1889-1890Bunyoro
50%
1941-Croatia
50%
1889-1912Morocco
50%
1918.Poland
50%
1889-1916Qatar
50%
1939-Slovakia
50%
1922-Soviet Union
50%
1889-1898Sudan
50%
1889-1892Toucouleur
50%
1921-Tuva
50%
1895-1898Central America
0%
1931-Manchukuo
0%
1919-1923Memel
0%
1889-1920Moresnet
0%
1889-1905Sweden-Norway
0%

Verteilung der Resultate

Perzentil nach korrekt beantworteten Fragen

Anzahl Personen mit jedem Resultat

Ihre Resultats-Entwicklung

Sie haben dieses Quiz noch nicht gespielt